Les changement de nom des stations du métro parisien. - Statistiques

Statistiques générales
  • Ce quiz a été pris 77 fois
  • Le résultat moyen est 7 sur 12
Statistiques - réponses
Ancien nom Lignes Date Nom actuel % Correct
Étoile

1970 Charles de Gaulle - Étoile
84%
Pierre Curie

8 mars 2007 Pierre et Marie Curie
78%
Chambre des Députés

30 juin 1989 Assemblée nationale
73%
Rue Saint-Denis

15 octobre 1907 Réaumur - Sébastopol
73%
Marbeuf - Rond-point des Champs-Élysées

30 octobre 1946 Franklin D. Roosevelt
71%
Rue d'Allemagne

août 1914 Jaurès
60%
Berlin

2 août 1914 Liège
58%
Avenue du Maine

6 octobre 1942 Montparnasse-Bienvenüe
53%
Beaugrenelle

14 juillet 1945 Charles Michel
49%
Bagnolet

13 septembre 1970 Alexandre Dumas
35%
Grenelle

21 juin 1953 Bir-Hakeim
35%
Pont de Flandres

10 février 1946 Corentin Cariou
24%
Aucun quiz correspondant
Distribution des résultats
% des personnes avec chaque résultat
Percentile par nombre de réponses
Votre historique - résultats
Vous n’avez pas pris ce quiz